Vývoj vyžaduje analýzu.
Publikované výsledky čs. ekonomiky za prvý štvrťrok signalizujú na jednej strane veľký pokles výkonu ekonomiky, ale na strane druhej prebytok štátneho rozpočtu viac ako 15 mld. Kčs. Zložitá je situácia na trhu práce. Prekvapivo dobré sú výsledky platobnej bilancie. Najprotirečivejšie sú výsledky v p...
Salvato in:
| Autore principale: | |
|---|---|
| Natura: | Capitolo di libro |
| Lingua: | slovacco |
| Soggetti: | |
| Tags: |
Nessun Tag, puoi essere il primo ad aggiungerne!!
|
MARC
| LEADER | 00000naa a2200000 4500 | ||
|---|---|---|---|
| 001 | r003459 | ||
| 005 | 20221125080320.4 | ||
| 041 | 0 | |a slo | |
| 044 | |a [CS] | ||
| 245 | 1 | 0 | |a Vývoj vyžaduje analýzu. |c M. Jurčeka |
| 520 | |a Publikované výsledky čs. ekonomiky za prvý štvrťrok signalizujú na jednej strane veľký pokles výkonu ekonomiky, ale na strane druhej prebytok štátneho rozpočtu viac ako 15 mld. Kčs. Zložitá je situácia na trhu práce. Prekvapivo dobré sú výsledky platobnej bilancie. Najprotirečivejšie sú výsledky v podnikovej sfére - veľký pokles produkcie a výkonov a extrémny rast ziskov. Nevyhnutnosť hlbšej analýzy. | ||
| 610 | 2 | 0 | |a vývoj hospodársky |
| 610 | 2 | 0 | |a 1991 |
| 610 | 2 | 0 | |a ČSFR |
| 610 | 2 | 0 | |a trh práce |
| 610 | 2 | 0 | |a bilancia platobná |
| 610 | 2 | 0 | |a rozpočet štátny |
| 100 | 1 | |a Jurčeka, M. | |